MARC details
| 000 -LEADER |
| campo de control de longitud fija |
02145nam a2200397 i 4500 |
| 001 - NÚMERO DE CONTROL |
| campo de control |
184325 |
| 003 - IDENTIFICADOR DE NÚMERO DE CONTROL |
| campo de control |
ES-MaACL |
| 005 - FECHA Y HORA DE LA ÚLTIMA TRANSACCIÓN |
| campo de control |
20250806063142.0 |
| 008 - DATOS DE LONGITUD FIJA--INFORMACIÓN GENERAL |
| campo de control de longitud fija |
150619e2015 sp ac c |||| |dspa d |
| 017 ## - NÚMERO DE COPYRIGHT O DE DEPÓSITO LEGAL |
| Número de copyright o de depósito legal |
M 8315-2015 |
| Agencia que asigna |
Oficina Depósito Legal Madrid |
| 020 ## - NÚMERO INTERNACIONAL ESTÁNDAR DEL LIBRO |
| Número Internacional Estándar del Libro |
978-84-451-3512-9 |
| 080 ## - NÚMERO DE LA CLASIFICACIÓN DECIMAL UNIVERSAL |
| Número de la Clasificación Decimal Universal |
929 Donoso Cortés, Juan (060.64) |
| 080 ## - NÚMERO DE LA CLASIFICACIÓN DECIMAL UNIVERSAL |
| Número de la Clasificación Decimal Universal |
94(460)"18"(060.64) |
| 245 00 - MENCIÓN DEL TÍTULO |
| Título |
Donoso Cortés, el reto del liberalismo y la revolución : |
| Resto del título |
[Sala de Exposiciones El Águila, Archivo Regional de la Comunidad de Madrid, 24 marzo 31-mayo 2015] / |
| Mención de responsabilidad, etc. |
[comisario, Carlos Dardé Morales] |
| 260 ## - PUBLICACIÓN, DISTRIBUCIÓN, ETC. |
| Lugar de publicación, distribución, etc. |
Madrid : |
| Nombre del editor, distribuidor, etc. |
Comunidad de Madrid, |
| Fecha de publicación, distribución, etc. |
[2015] |
| 300 ## - DESCRIPCIÓN FÍSICA |
| Extensión |
XVII, 259 páginas : |
| Otras características físicas |
ilustraciones (blanco y negro y color) ; |
| Dimensiones |
30 cm |
| 500 ## - NOTA GENERAL |
| Nota general |
Índices |
| 504 ## - NOTA DE BIBLIOGRAFÍA, ETC. |
| Nota de bibliografía, etc. |
Referencias bibliográficas |
| 505 0# - NOTA DE CONTENIDO CON FORMATO |
| Nota de contenido con formato |
Apéndice: Descripción del Archivo Juan Donoso Cortés / Carlos Martín Gavilán y Cecilia García García |
| 520 ## - RESUMEN, ETC. |
| Sumario, etc. |
Muestra organizada por la Comunidad de Madrid, con motivo del depósito del archivo privado de Juan Donoso Cortés en el Archivo Regional de la C.M., contribuyendo a investigar y difundir nuestra historia a partir de un fondo documental prácticamente inédito |
| 530 ## - NOTA DISPONIBLE DE FORMULARIO FÍSICO ADICIONAL |
| Nota de formato físico adicional disponible |
Disponible en formato digital |
| 585 ## - NOTA DE EXPOSICIONES |
| Nota de exposiciones |
Exposición celebrada en la Sala El Águila del 24 de marzo al 31 de mayo de 2015 |
| 600 14 - PUNTO DE ACCESO ADICIONAL DE MATERIA--NOMBRE DE PERSONA |
| Nombre de persona |
Donoso Cortés, Juan, |
| Fechas asociadas al nombre |
1809-1853- |
| Subdivisión de forma |
Exposiciones |
| 9 (RLIN) |
157088 |
| 651 #4 - PUNTO DE ACCESO ADICIONAL DE MATERIA--NOMBRE GEOGRÁFICO |
| Nombre geográfico |
España- |
| Subdivisión general |
Historia- |
| Subdivisión cronológica |
S.XIX- |
| Subdivisión de forma |
Exposiciones |
| 9 (RLIN) |
8354 |
| 655 #7 - TERMINO DE INDIZACIÓN--GENERO/FORMA |
| Datos o término principal de género/forma |
Catálogos de exposiciones |
| Fuente del término |
tgfbne |
| 9 (RLIN) |
193628 |
| 700 1# - ENTRADA AGREGADA--NOMBRE PERSONAL |
| Nombre de persona |
Dardé, Carlos, |
| Fechas asociadas al nombre |
1945- |
| Término indicativo de función/relación |
Comisario |
| 9 (RLIN) |
42696 |
| 700 1# - ENTRADA AGREGADA--NOMBRE PERSONAL |
| Nombre de persona |
Martín Gavilán, Carlos |
| Término indicativo de función/relación |
Colaborador |
| 9 (RLIN) |
241590 |
| 700 1# - ENTRADA AGREGADA--NOMBRE PERSONAL |
| Nombre de persona |
García García, Cecilia |
| Término indicativo de función/relación |
Colaborador |
| 9 (RLIN) |
241591 |
| 710 2# - ENTRADA AGREGADA--NOMBRE DE ENTIDAD CORPORATIVA |
| Nombre de entidad corporativa o nombre de jurisdicción como elemento de entrada |
Archivo Regional de la Comunidad de Madrid |
| Término indicativo de función/relación |
Sede |
| 9 (RLIN) |
148228 |
| 710 1# - ENTRADA AGREGADA--NOMBRE DE ENTIDAD CORPORATIVA |
| Nombre de entidad corporativa o nombre de jurisdicción como elemento de entrada |
Madrid (Comunidad Autónoma) |
| Término indicativo de función/relación |
Editor |
| 9 (RLIN) |
5587 |
| 852 ## - LOCALIZACIÓN |
| Ubicación |
ES-MaACL |
| Sublocalización o colección |
R.150463 |
| Ubicación en estantería |
Depósito 1 |
| Signatura antigua |
Olim: N-6453 |
| Donativo/Legado |
Donación Comunidad de Madrid |
| Número de control de estantería |
A-13453 |
| itemnumber |
191321 |
| 856 ## - LOCALIZACIÓN Y ACCESO ELECTRÓNICOS |
| Identificador Uniforme de Recursos |
<a href="https://gestiona3.madrid.org/bvirtual/BVCM019187.pdf">https://gestiona3.madrid.org/bvirtual/BVCM019187.pdf</a> |
| Texto de enlace |
Versión en línea |
| Nota pública |
(PublicaMadrid) |
| 942 ## - ELEMENTOS DE ENTRADA SECUNDARIOS (KOHA) |
| Fuente del sistema de clasificación o colocación |
Clasificación decimal universal |
| Tipo de ítem Koha |
Libro impreso |
| Suprimir en OPAC |
No |